[Event "High League 2022 men"]
[Site "Obninsk"]
[Date "2022.06.30"]
[Round "5.2"]
[White "Afanasiev, Nikita"]
[Black "Kokarev, Dmitry"]
[Result "1/2-1/2"]
[LiveChessVersion "1.4.7"]
[BlackElo "2582"]
[WhiteElo "2583"]

1. d4 {[%clk 1:30:57]} Nf6 {[%clk 1:30:52]} 2. c4 {[%clk 1:31:21]} e6
{[%clk 1:31:16]} 3. Nc3 {[%clk 1:31:17]} Bb4 {[%clk 1:31:38]} 4. e3
{[%clk 1:31:31]} c5 {[%clk 1:31:41]} 5. Nge2 {[%clk 1:31:32]} d5 {[%clk 1:30:46]}
6. a3 {[%clk 1:25:49]} Bxc3+ {[%clk 1:30:59]} 7. Nxc3 {[%clk 1:22:59]} cxd4
{[%clk 1:31:21]} 8. Qxd4 {[%clk 1:21:30]} Nc6 {[%clk 1:30:56]} 9. Qd1
{[%clk 1:20:51]} O-O {[%clk 1:30:12]} 10. Be2 {[%clk 1:15:01]} dxc4
{[%clk 1:25:31]} 11. Bxc4 {[%clk 1:15:10]} Qxd1+ {[%clk 1:24:23]} 12. Kxd1
{[%clk 1:14:49]} Rd8+ {[%clk 1:09:28]} 13. Kc2 {[%clk 1:14:01]} e5
{[%clk 1:08:54]} 14. f3 {[%clk 0:58:20]} Bf5+ {[%clk 1:08:17]} 1/2-1/2

[Event "High League 2022 men"]
[Site "Obninsk"]
[Date "2022.06.30"]
[Round "5.3"]
[White "Riazantsev, Alexander"]
[Black "Sjugirov, Sanan"]
[Result "1/2-1/2"]
[LiveChessVersion "1.4.7"]
[BlackElo "2696"]
[WhiteElo "2635"]

1. e4 {[%clk 1:30:51]} e5 {[%clk 1:27:36]} 2. Nf3 {[%clk 1:30:56]} Nc6
{[%clk 1:27:51]} 3. Bc4 {[%clk 1:30:55]} Bc5 {[%clk 1:27:42]} 4. d3
{[%clk 1:29:04]} Nf6 {[%clk 1:27:53]} 5. Nc3 {[%clk 1:29:17]} a6 {[%clk 1:15:09]}
6. Bg5 {[%clk 1:28:07]} h6 {[%clk 1:11:31]} 7. Bxf6 {[%clk 1:27:56]} Qxf6
{[%clk 1:11:53]} 8. Nd5 {[%clk 1:28:21]} Qd8 {[%clk 1:12:16]} 9. c3
{[%clk 1:28:42]} d6 {[%clk 1:05:07]} 10. d4 {[%clk 1:28:54]} exd4
{[%clk 1:04:01]} 11. cxd4 {[%clk 1:29:08]} Ba7 {[%clk 1:04:25]} 12. h3
{[%clk 1:29:18]} O-O {[%clk 1:03:33]} 13. O-O {[%clk 1:29:23]} b5
{[%clk 0:56:48]} 14. Bb3 {[%clk 1:26:48]} Bb7 {[%clk 0:53:58]} 15. Rc1
{[%clk 1:08:16]} Rc8 {[%clk 0:50:48]} 16. Rc3 {[%clk 0:45:23]} Ne7
{[%clk 0:42:23]} 17. Qc1 {[%clk 0:28:41]} c5 {[%clk 0:35:15]} 18. Nf6+
{[%clk 0:26:42]} Kh8 {[%clk 0:33:38]} 19. dxc5 {[%clk 0:26:46]} Rxc5
{[%clk 0:32:04]} 20. Rxc5 {[%clk 0:14:45]} Bxc5 {[%clk 0:31:57]} 21. Rd1
{[%clk 0:15:01]} Ng6 {[%clk 0:28:56]} 22. Nd5 {[%clk 0:13:53]} Re8
{[%clk 0:21:23]} 23. Nf4 {[%clk 0:09:23]} Qf6 {[%clk 0:14:14]} 24. Nh5
{[%clk 0:08:45]} Qe7 {[%clk 0:14:39]} 25. Qc3 {[%clk 0:08:59]} Ne5
{[%clk 0:14:28]} 26. Bd5 {[%clk 0:04:04]} Nxf3+ {[%clk 0:11:31]} 27. Qxf3
{[%clk 0:04:28]} Bxd5 {[%clk 0:11:51]} 28. Rxd5 {[%clk 0:03:37]} Qxe4
{[%clk 0:11:20]} 29. Qxf7 {[%clk 0:04:02]} Bxf2+ {[%clk 0:07:53]} 30. Kh2
{[%clk 0:04:31]} Rg8 {[%clk 0:07:37]} 31. Rxd6 {[%clk 0:02:46]} Bd4
{[%clk 0:07:21]} 32. Ng3 {[%clk 0:00:32]} Qe3 {[%clk 0:03:15]} 33. h4
{[%clk 0:01:02]} Be5 {[%clk 0:03:21]} 34. Rg6 {[%clk 0:01:30]} Rd8
{[%clk 0:03:18]} 35. Kh3 {[%clk 0:00:38]} Rd3 {[%clk 0:01:25]} 36. Qf8+
{[%clk 0:00:39]} Kh7 {[%clk 0:01:52]} 37. Qc8 1/2-1/2

[Event "High League 2022 men"]
[Site "Obninsk"]
[Date "2022.06.30"]
[Round "5.4"]
[White "Zakhartsov, Vladimir"]
[Black "Rakhmanov, Aleksandr"]
[Result "1/2-1/2"]
[LiveChessVersion "1.4.7"]
[BlackElo "2635"]
[WhiteElo "2483"]

1. d4 {[%clk 1:30:57]} d5 {[%clk 1:30:41]} 2. c4 {[%clk 1:31:17]} e6
{[%clk 1:31:06]} 3. Nf3 {[%clk 1:31:39]} a6 {[%clk 1:31:24]} 4. Bg5
{[%clk 1:31:34]} Be7 {[%clk 1:31:45]} 5. Bxe7 {[%clk 1:31:57]} Nxe7
{[%clk 1:31:26]} 6. Qc2 {[%clk 1:29:36]} Nd7 {[%clk 1:28:46]} 7. Nbd2
{[%clk 1:27:30]} O-O {[%clk 1:21:26]} 8. e3 {[%clk 1:26:03]} dxc4
{[%clk 1:17:11]} 9. Nxc4 {[%clk 1:16:27]} c5 {[%clk 1:14:42]} 10. dxc5
{[%clk 1:15:40]} Nxc5 {[%clk 1:14:54]} 11. b4 {[%clk 1:15:53]} Nd7
{[%clk 1:13:21]} 12. Bd3 {[%clk 1:15:30]} 1/2-1/2

[Event "High League 2022 men"]
[Site "Obninsk"]
[Date "2022.06.30"]
[Round "5.5"]
[White "Chigaev, Maksim"]
[Black "Murzin, Volodar"]
[Result "1-0"]
[LiveChessVersion "1.4.7"]
[BlackElo "2549"]
[WhiteElo "2631"]

1. d4 {[%clk 1:30:54]} d5 {[%clk 1:30:48]} 2. c4 {[%clk 1:31:13]} c6
{[%clk 1:31:04]} 3. Nf3 {[%clk 1:31:32]} Nf6 {[%clk 1:31:14]} 4. Nc3
{[%clk 1:31:50]} e6 {[%clk 1:28:00]} 5. g3 {[%clk 1:31:42]} Nbd7 {[%clk 1:26:47]}
6. Bg2 {[%clk 1:28:33]} Be7 {[%clk 1:26:03]} 7. O-O {[%clk 1:28:42]} O-O
{[%clk 1:26:10]} 8. Qd3 {[%clk 1:29:02]} b6 {[%clk 1:23:49]} 9. b3
{[%clk 1:28:51]} Ba6 {[%clk 1:18:58]} 10. e4 {[%clk 1:27:31]} dxe4
{[%clk 1:14:23]} 11. Nxe4 {[%clk 1:27:35]} b5 {[%clk 1:14:32]} 12. Nxf6+
{[%clk 1:20:53]} Bxf6 {[%clk 1:14:36]} 13. Be3 {[%clk 0:52:12]} bxc4
{[%clk 0:46:17]} 14. bxc4 {[%clk 0:52:18]} c5 {[%clk 0:41:54]} 15. Rac1
{[%clk 0:42:03]} cxd4 {[%clk 0:28:26]} 16. Nxd4 {[%clk 0:33:36]} Ne5
{[%clk 0:28:20]} 17. Qa3 {[%clk 0:30:35]} Bxc4 {[%clk 0:28:25]} 18. Nc6
{[%clk 0:30:58]} Nxc6 {[%clk 0:28:18]} 19. Rxc4 {[%clk 0:31:20]} Ne5
{[%clk 0:28:43]} 20. Rcc1 {[%clk 0:31:35]} Rc8 {[%clk 0:18:33]} 21. Rxc8
{[%clk 0:26:15]} Qxc8 {[%clk 0:19:02]} 22. Qxa7 {[%clk 0:26:35]} Qc3
{[%clk 0:13:44]} 23. a4 {[%clk 0:09:24]} h5 {[%clk 0:08:43]} 24. a5
{[%clk 0:08:15]} Nc4 {[%clk 0:06:17]} 25. a6 {[%clk 0:06:06]} Nxe3
{[%clk 0:06:12]} 26. Qxe3 {[%clk 0:06:18]} Qb2 {[%clk 0:06:32]} 27. Rd1
{[%clk 0:05:28]} Bd8 {[%clk 0:06:11]} 28. Qd4 {[%clk 0:03:16]} Qxd4
{[%clk 0:04:31]} 29. Rxd4 {[%clk 0:03:43]} Bb6 {[%clk 0:04:59]} 30. Rd7
{[%clk 0:03:50]} Rc8 {[%clk 0:05:21]} 31. Rb7 {[%clk 0:03:05]} Bd4
{[%clk 0:05:27]} 32. a7 {[%clk 0:02:43]} Kh7 {[%clk 0:05:49]} 33. Rd7
{[%clk 0:02:28]} Rc1+ {[%clk 0:06:12]} 34. Bf1 {[%clk 0:02:56]} Bxa7
{[%clk 0:06:37]} 35. Rxa7 {[%clk 0:03:20]} Kg6 {[%clk 0:07:03]} 36. Kg2
{[%clk 0:03:13]} Kf6 {[%clk 0:07:26]} 37. Bb5 {[%clk 0:02:57]} Rc8
{[%clk 0:07:42]} 38. h4 {[%clk 0:01:56]} g6 {[%clk 0:07:41]} 39. Kf3
{[%clk 0:02:11]} Rc5 {[%clk 0:07:52]} 40. Rb7 {[%clk 0:31:53]} Rf5+
{[%clk 0:37:37]} 41. Kg2 {[%clk 0:30:16]} Kg7 {[%clk 0:35:59]} 42. Bd7
{[%clk 0:30:04]} Kf8 {[%clk 0:36:19]} 43. Rb5 {[%clk 0:30:12]} Rf6
{[%clk 0:36:45]} 44. f4 {[%clk 0:30:18]} 1-0

[Event "High League 2022 men"]
[Site "Obninsk"]
[Date "2022.06.30"]
[Round "5.6"]
[White "Sychev, Klementy"]
[Black "Dreev, Aleksey"]
[Result "1-0"]
[LiveChessVersion "1.4.7"]
[BlackElo "2610"]
[WhiteElo "2534"]

1. e4 {[%clk 1:30:55]} c6 {[%clk 1:29:09]} 2. d4 {[%clk 1:31:10]} d5
{[%clk 1:29:33]} 3. e5 {[%clk 1:31:35]} Bf5 {[%clk 1:29:56]} 4. Nf3
{[%clk 1:32:00]} e6 {[%clk 1:30:15]} 5. Be2 {[%clk 1:32:22]} Ne7 {[%clk 1:29:35]}
6. c3 {[%clk 1:30:07]} h6 {[%clk 1:26:50]} 7. O-O {[%clk 1:28:00]} Bh7
{[%clk 1:25:36]} 8. a4 {[%clk 1:14:16]} Nd7 {[%clk 1:19:15]} 9. a5
{[%clk 1:11:34]} Bxb1 {[%clk 1:17:44]} 10. Rxb1 {[%clk 1:11:37]} Qxa5
{[%clk 1:18:08]} 11. b4 {[%clk 1:04:56]} Qc7 {[%clk 1:16:46]} 12. Bd3
{[%clk 0:59:13]} g6 {[%clk 1:12:15]} 13. Ra1 {[%clk 0:52:28]} Bg7
{[%clk 1:05:49]} 14. h4 {[%clk 0:49:32]} h5 {[%clk 0:51:54]} 15. Ng5
{[%clk 0:37:49]} a6 {[%clk 0:50:29]} 16. Qf3 {[%clk 0:33:12]} Nf5
{[%clk 0:49:44]} 17. g3 {[%clk 0:28:58]} Rd8 {[%clk 0:37:09]} 18. Re1
{[%clk 0:22:10]} Nf8 {[%clk 0:35:29]} 19. Ra2 {[%clk 0:16:27]} Bh6
{[%clk 0:24:28]} 20. Bf4 {[%clk 0:12:36]} Qe7 {[%clk 0:21:34]} 21. Rae2
{[%clk 0:10:43]} Rc8 {[%clk 0:17:17]} 22. Kg2 {[%clk 0:08:54]} Kd7
{[%clk 0:16:07]} 23. Ra1 {[%clk 0:06:09]} Nh7 {[%clk 0:12:45]} 24. Nh3
{[%clk 0:05:01]} Bxf4 {[%clk 0:11:55]} 25. Nxf4 {[%clk 0:04:01]} Rcg8
{[%clk 0:09:40]} 26. Rh1 {[%clk 0:02:12]} Kc7 {[%clk 0:08:12]} 27. Kf1
{[%clk 0:02:09]} Ra8 {[%clk 0:06:55]} 28. Ra2 {[%clk 0:02:06]} Kd7
{[%clk 0:06:15]} 29. Ke2 {[%clk 0:02:20]} Ke8 {[%clk 0:05:02]} 30. b5
{[%clk 0:01:52]} cxb5 {[%clk 0:04:32]} 31. Bxb5+ {[%clk 0:02:09]} Kf8
{[%clk 0:04:55]} 32. Bd3 {[%clk 0:02:28]} Rc8 {[%clk 0:04:46]} 33. Bxf5
{[%clk 0:02:39]} gxf5 {[%clk 0:05:09]} 34. Rb1 {[%clk 0:02:03]} Qc7
{[%clk 0:04:55]} 35. Ra3 {[%clk 0:02:06]} Rg8 {[%clk 0:03:23]} 36. Qxh5
{[%clk 0:01:53]} Rg7 {[%clk 0:03:42]} 37. Kf1 {[%clk 0:01:44]} Kg8
{[%clk 0:04:00]} 38. Qe2 {[%clk 0:01:25]} Nf8 {[%clk 0:03:24]} 39. Qb2
{[%clk 0:01:16]} Qc4+ {[%clk 0:02:37]} 40. Qe2 {[%clk 0:30:47]} Qc6
{[%clk 0:31:49]} 41. Qb2 {[%clk 0:18:34]} Rc7 {[%clk 0:25:07]} 42. Qb4
{[%clk 0:11:36]} Rh7 {[%clk 0:19:51]} 43. h5 {[%clk 0:11:03]} Qe8
{[%clk 0:14:00]} 44. Qa5 {[%clk 0:09:56]} Qc8 {[%clk 0:11:53]} 45. Rb6
{[%clk 0:09:00]} Rg7 {[%clk 0:11:26]} 46. Kg2 {[%clk 0:06:14]} Kh7
{[%clk 0:11:02]} 47. Rab3 {[%clk 0:05:23]} Nd7 {[%clk 0:11:07]} 48. Rd6
{[%clk 0:05:30]} Rc4 {[%clk 0:08:13]} 49. h6 {[%clk 0:04:58]} Rg5
{[%clk 0:08:25]} 50. Nxd5 {[%clk 0:04:03]} Kxh6 {[%clk 0:04:29]} 51. Qa1
{[%clk 0:03:42]} Kg7 {[%clk 0:04:33]} 52. Qc1 {[%clk 0:02:40]} Rg4
{[%clk 0:01:00]} 53. Ne3 {[%clk 0:02:09]} b5 {[%clk 0:00:34]} 54. Nxg4
{[%clk 0:02:21]} fxg4 {[%clk 0:00:52]} 55. Qg5+ {[%clk 0:02:37]} Kf8
{[%clk 0:01:19]} 56. Rb1 {[%clk 0:02:04]} Qa8+ {[%clk 0:00:43]} 57. d5
{[%clk 0:02:22]} 1-0

[Event "High League 2022 men"]
[Site "Obninsk"]
[Date "2022.06.30"]
[Round "5.7"]
[White "Lysyj, Igor"]
[Black "Kezin, Roman"]
[Result "1/2-1/2"]
[LiveChessVersion "1.4.7"]
[BlackElo "2516"]
[WhiteElo "2604"]

1. d4 {[%clk 1:26:27]} d5 {[%clk 1:30:50]} 2. c4 {[%clk 1:26:52]} e6
{[%clk 1:31:15]} 3. Nc3 {[%clk 1:27:07]} c6 {[%clk 1:31:23]} 4. e4
{[%clk 1:27:32]} dxe4 {[%clk 1:31:26]} 5. Nxe4 {[%clk 1:27:19]} Bb4+
{[%clk 1:31:48]} 6. Bd2 {[%clk 1:27:44]} Qxd4 {[%clk 1:32:09]} 7. Bxb4
{[%clk 1:28:07]} Qxe4+ {[%clk 1:32:31]} 8. Be2 {[%clk 1:28:31]} Na6
{[%clk 1:32:46]} 9. Ba5 {[%clk 1:28:35]} b6 {[%clk 1:32:47]} 10. Qd6
{[%clk 1:28:13]} Bd7 {[%clk 1:32:57]} 11. Bc3 {[%clk 1:28:07]} f6
{[%clk 1:30:38]} 12. Rd1 {[%clk 1:27:43]} Rd8 {[%clk 0:17:13]} 13. Qa3
{[%clk 1:15:37]} Nb8 {[%clk 0:17:36]} 14. Qxa7 {[%clk 1:11:44]} Ne7
{[%clk 0:15:39]} 15. Nf3 {[%clk 0:57:32]} Ng6 {[%clk 0:15:06]} 16. g3
{[%clk 0:57:28]} O-O {[%clk 0:09:05]} 17. Qxb6 {[%clk 0:49:50]} c5
{[%clk 0:09:29]} 18. Rf1 {[%clk 0:33:40]} Rc8 {[%clk 0:02:13]} 19. Qd6
{[%clk 0:32:44]} Qa8 {[%clk 0:02:01]} 20. h4 {[%clk 0:28:56]} Qxa2
{[%clk 0:01:41]} 21. Qd2 {[%clk 0:18:00]} e5 {[%clk 0:00:55]} 22. h5
{[%clk 0:17:47]} Nh8 {[%clk 0:00:39]} 23. h6 {[%clk 0:18:01]} g6 {[%clk 0:01:07]}
24. Nh4 {[%clk 0:12:56]} Nf7 {[%clk 0:00:39]} 25. f4 {[%clk 0:09:05]} Bh3
{[%clk 0:01:02]} 26. Rf2 {[%clk 0:04:52]} Nc6 {[%clk 0:01:31]} 27. fxe5
{[%clk 0:03:33]} 1/2-1/2

[Event "High League 2022 men"]
[Site "Obninsk"]
[Date "2022.06.30"]
[Round "5.8"]
[White "Zvjaginsev, Vadim"]
[Black "Nesterov, Arseniy"]
[Result "1/2-1/2"]
[LiveChessVersion "1.4.7"]
[BlackElo "2566"]
[WhiteElo "2603"]

1. e4 {[%clk 1:30:53]} e5 {[%clk 1:30:56]} 2. Nf3 {[%clk 1:31:16]} Nf6
{[%clk 1:31:22]} 3. Nxe5 {[%clk 1:31:31]} d6 {[%clk 1:31:44]} 4. Nf3
{[%clk 1:31:51]} Nxe4 {[%clk 1:32:08]} 5. Bd3 {[%clk 1:32:00]} Nf6
{[%clk 1:32:13]} 6. O-O {[%clk 1:32:09]} Be7 {[%clk 1:32:12]} 7. Re1
{[%clk 1:32:08]} O-O {[%clk 1:31:55]} 8. Bf1 {[%clk 1:32:09]} d5 {[%clk 1:29:45]}
9. d4 {[%clk 1:30:52]} h6 {[%clk 1:27:38]} 10. h3 {[%clk 1:30:11]} Bf5
{[%clk 1:19:54]} 11. c4 {[%clk 1:24:14]} dxc4 {[%clk 1:09:43]} 12. Bxc4
{[%clk 1:24:09]} Nc6 {[%clk 1:08:11]} 13. Nc3 {[%clk 1:21:26]} Bd6
{[%clk 1:06:57]} 14. a3 {[%clk 1:15:13]} a6 {[%clk 1:04:56]} 15. b4
{[%clk 1:12:01]} Re8 {[%clk 0:59:25]} 16. Be3 {[%clk 1:10:03]} Ne4
{[%clk 0:52:14]} 17. Qc2 {[%clk 1:05:52]} Bh7 {[%clk 0:44:10]} 18. Bd3
{[%clk 0:55:15]} Nf6 {[%clk 0:43:50]} 19. Bxh7+ {[%clk 0:55:20]} Nxh7
{[%clk 0:44:18]} 20. b5 {[%clk 0:49:45]} axb5 {[%clk 0:39:49]} 21. Nxb5
{[%clk 0:50:07]} Nf6 {[%clk 0:39:12]} 22. Rab1 {[%clk 0:41:49]} Bf8
{[%clk 0:29:12]} 23. Ne5 {[%clk 0:36:51]} Nxe5 {[%clk 0:27:22]} 24. dxe5
{[%clk 0:37:17]} Rxe5 {[%clk 0:26:40]} 25. Qxc7 {[%clk 0:34:33]} Qxc7
{[%clk 0:25:51]} 26. Nxc7 {[%clk 0:34:58]} Rxa3 {[%clk 0:25:24]} 27. Rxb7
{[%clk 0:34:42]} Re7 {[%clk 0:18:21]} 28. Rc1 {[%clk 0:31:45]} Ra8
{[%clk 0:15:57]} 1/2-1/2

[Event "High League 2022 men"]
[Site "Obninsk"]
[Date "2022.06.30"]
[Round "5.9"]
[White "Shuvalova, Polina"]
[Black "Alekseev, Evgeny"]
[Result "1/2-1/2"]
[LiveChessVersion "1.4.7"]
[BlackElo "2601"]
[WhiteElo "2498"]

1. e4 {[%clk 1:30:57]} e5 {[%clk 1:30:08]} 2. Nf3 {[%clk 1:31:22]} Nc6
{[%clk 1:30:06]} 3. Bc4 {[%clk 1:31:48]} Bc5 {[%clk 1:29:30]} 4. c3
{[%clk 1:32:11]} Nf6 {[%clk 1:29:35]} 5. d4 {[%clk 1:32:36]} exd4
{[%clk 1:29:30]} 6. cxd4 {[%clk 1:33:00]} Bb4+ {[%clk 1:29:27]} 7. Nbd2
{[%clk 1:33:23]} d5 {[%clk 1:14:41]} 8. exd5 {[%clk 1:33:36]} Nxd5
{[%clk 1:15:03]} 9. O-O {[%clk 1:33:59]} O-O {[%clk 1:15:24]} 10. Ne4
{[%clk 1:34:24]} Nb6 {[%clk 1:11:09]} 11. Bb3 {[%clk 1:34:21]} Be7
{[%clk 0:59:43]} 12. h3 {[%clk 1:22:42]} Bf5 {[%clk 0:56:56]} 13. Re1
{[%clk 1:22:20]} Bg6 {[%clk 0:55:55]} 14. a3 {[%clk 1:17:20]} Re8
{[%clk 0:50:33]} 15. Bf4 {[%clk 1:01:39]} Bf8 {[%clk 0:38:21]} 16. Bg5
{[%clk 0:49:02]} Qc8 {[%clk 0:34:13]} 17. Nc5 {[%clk 0:39:00]} Rxe1+
{[%clk 0:30:21]} 18. Qxe1 {[%clk 0:37:30]} Nxd4 {[%clk 0:24:55]} 19. Nxd4
{[%clk 0:34:49]} Bxc5 {[%clk 0:25:18]} 20. Ne6 {[%clk 0:34:59]} Bd6
{[%clk 0:22:36]} 21. Nd8 {[%clk 0:32:01]} Qd7 {[%clk 0:21:16]} 22. Nxb7
{[%clk 0:32:11]} Bf8 {[%clk 0:20:37]} 23. Rd1 {[%clk 0:25:04]} Qb5
{[%clk 0:18:35]} 24. Qe3 {[%clk 0:24:44]} Re8 {[%clk 0:17:47]} 25. Qg3
{[%clk 0:24:44]} Nc4 {[%clk 0:16:12]} 26. Bxc4 {[%clk 0:22:05]} Qxc4
{[%clk 0:16:26]} 27. b4 {[%clk 0:20:49]} Qb5 {[%clk 0:14:15]} 28. Nc5
{[%clk 0:15:05]} a5 {[%clk 0:14:01]} 29. Qxc7 {[%clk 0:14:41]} axb4
{[%clk 0:14:16]} 30. axb4 {[%clk 0:14:47]} Qxb4 {[%clk 0:14:40]} 31. Nd7
{[%clk 0:13:53]} Qb3 {[%clk 0:12:35]} 32. Rd4 {[%clk 0:09:43]} Qb2
{[%clk 0:08:20]} 1/2-1/2

[Event "High League 2022 men"]
[Site "Obninsk"]
[Date "2022.06.30"]
[Round "5.10"]
[White "Sviridov, Valery"]
[Black "Salemgareev, Tagir"]
[Result "1-0"]
[LiveChessVersion "1.4.7"]
[BlackElo "2490"]
[WhiteElo "2571"]

1. d4 {[%clk 1:30:53]} d5 {[%clk 1:30:47]} 2. c4 {[%clk 1:31:09]} c6
{[%clk 1:31:12]} 3. Nf3 {[%clk 1:31:18]} Nf6 {[%clk 1:31:34]} 4. e3
{[%clk 1:31:21]} Bf5 {[%clk 1:31:56]} 5. Nc3 {[%clk 1:30:45]} e6 {[%clk 1:32:17]}
6. Nh4 {[%clk 1:30:24]} Bg6 {[%clk 1:32:38]} 7. Qb3 {[%clk 1:28:44]} Qc7
{[%clk 1:32:51]} 8. Nxg6 {[%clk 1:28:09]} hxg6 {[%clk 1:33:15]} 9. Bd2
{[%clk 1:28:02]} Nbd7 {[%clk 1:32:15]} 10. h3 {[%clk 1:26:50]} a6
{[%clk 1:01:45]} 11. Rc1 {[%clk 1:16:47]} Bd6 {[%clk 1:01:12]} 12. Qc2
{[%clk 1:14:26]} Rd8 {[%clk 0:56:11]} 13. Be2 {[%clk 1:10:34]} dxc4
{[%clk 0:50:10]} 14. Bxc4 {[%clk 1:10:39]} e5 {[%clk 0:50:15]} 15. O-O
{[%clk 1:07:23]} exd4 {[%clk 0:49:22]} 16. exd4 {[%clk 1:07:31]} Bh2+
{[%clk 0:49:40]} 17. Kh1 {[%clk 1:07:56]} Bf4 {[%clk 0:50:07]} 18. Rce1+
{[%clk 1:03:19]} Kf8 {[%clk 0:50:31]} 19. Bxf4 {[%clk 0:58:28]} Qxf4
{[%clk 0:50:57]} 20. Ne2 {[%clk 0:58:26]} Qc7 {[%clk 0:38:14]} 21. Qb3
{[%clk 0:57:27]} Ng4 {[%clk 0:35:27]} 22. Ng3 {[%clk 0:55:24]} Ndf6
{[%clk 0:34:24]} 23. Qb4+ {[%clk 0:51:59]} Kg8 {[%clk 0:28:40]} 24. Re7
{[%clk 0:48:32]} Qf4 {[%clk 0:23:36]} 25. Bxf7+ {[%clk 0:44:11]} Kh7
{[%clk 0:24:04]} 26. hxg4 {[%clk 0:42:56]} Nxg4 {[%clk 0:22:19]} 27. Kg1
{[%clk 0:43:05]} Qh6 {[%clk 0:16:20]} 28. Rd1 {[%clk 0:42:19]} Rhf8
{[%clk 0:15:30]} 29. Qd2 {[%clk 0:40:58]} Qh2+ {[%clk 0:11:04]} 30. Kf1
{[%clk 0:41:21]} Qh4 {[%clk 0:11:30]} 31. Qe2 {[%clk 0:38:21]} Rd5
{[%clk 0:03:39]} 32. Re4 {[%clk 0:33:22]} Rg5 {[%clk 0:03:59]} 33. Be6
{[%clk 0:33:00]} 1-0

[Event "High League 2022 men"]
[Site "Obninsk"]
[Date "2022.06.30"]
[Round "5.11"]
[White "Goryachkina, Aleksandra"]
[Black "Shubin, Kirill"]
[Result "1/2-1/2"]
[LiveChessVersion "1.4.7"]
[BlackElo "2475"]
[WhiteElo "2599"]

1. d4 {[%clk 1:30:52]} Nf6 {[%clk 1:30:56]} 2. c4 {[%clk 1:31:12]} e6
{[%clk 1:31:22]} 3. Nc3 {[%clk 1:31:21]} Bb4 {[%clk 1:31:47]} 4. Nf3
{[%clk 1:31:08]} b6 {[%clk 1:31:26]} 5. Bd2 {[%clk 1:28:09]} O-O {[%clk 1:31:07]}
6. e3 {[%clk 1:27:54]} d5 {[%clk 1:31:28]} 7. cxd5 {[%clk 1:24:45]} exd5
{[%clk 1:31:47]} 8. Rc1 {[%clk 1:24:38]} a6 {[%clk 1:22:41]} 9. Bd3
{[%clk 1:24:03]} Bd6 {[%clk 1:23:01]} 10. Ne5 {[%clk 1:16:56]} c5
{[%clk 1:14:11]} 11. O-O {[%clk 1:15:22]} Bb7 {[%clk 1:09:05]} 12. f4
{[%clk 1:09:50]} Nc6 {[%clk 0:58:37]} 13. Na4 {[%clk 1:04:59]} c4
{[%clk 0:54:13]} 14. Bb1 {[%clk 1:05:02]} b5 {[%clk 0:52:13]} 15. Nc3
{[%clk 1:05:08]} Ne7 {[%clk 0:50:52]} 16. Qf3 {[%clk 0:59:45]} Bb4
{[%clk 0:45:49]} 17. a3 {[%clk 0:44:10]} Bxc3 {[%clk 0:44:39]} 18. Bxc3
{[%clk 0:44:21]} Ne4 {[%clk 0:44:30]} 19. f5 {[%clk 0:37:48]} f6 {[%clk 0:43:58]}
20. Ng4 {[%clk 0:37:38]} a5 {[%clk 0:40:42]} 21. Be1 {[%clk 0:31:26]} Nc8
{[%clk 0:35:42]} 22. Nf2 {[%clk 0:24:30]} Nxf2 {[%clk 0:35:35]} 23. Rxf2
{[%clk 0:22:45]} Nd6 {[%clk 0:35:32]} 24. g4 {[%clk 0:22:13]} Re8
{[%clk 0:34:45]} 25. Rg2 {[%clk 0:22:10]} Qe7 {[%clk 0:33:53]} 26. Bg3
{[%clk 0:19:41]} Nf7 {[%clk 0:33:34]} 27. Bf4 {[%clk 0:19:32]} b4
{[%clk 0:33:41]} 28. a4 {[%clk 0:19:29]} Bc6 {[%clk 0:31:53]} 29. h4
{[%clk 0:19:33]} h6 {[%clk 0:31:59]} 1/2-1/2

[Event "High League 2022 men"]
[Site "Obninsk"]
[Date "2022.06.30"]
[Round "5.12"]
[White "Grebnev, Aleksey"]
[Black "Ponkratov, Pavel"]
[Result "1/2-1/2"]
[LiveChessVersion "1.4.7"]
[BlackElo "2631"]
[WhiteElo "2439"]

1. d4 {[%clk 1:30:54]} Nf6 {[%clk 1:30:54]} 2. c4 {[%clk 1:31:18]} g6
{[%clk 1:31:20]} 3. Nc3 {[%clk 1:31:45]} Bg7 {[%clk 1:31:47]} 4. e4
{[%clk 1:32:11]} O-O {[%clk 1:32:11]} 5. Nf3 {[%clk 1:32:36]} d6 {[%clk 1:32:34]}
6. Be2 {[%clk 1:33:01]} e5 {[%clk 1:32:56]} 7. O-O {[%clk 1:33:17]} b6
{[%clk 1:33:22]} 8. dxe5 {[%clk 1:26:15]} dxe5 {[%clk 1:33:34]} 9. Qxd8
{[%clk 1:26:37]} Rxd8 {[%clk 1:34:01]} 10. Bg5 {[%clk 1:27:01]} Nbd7
{[%clk 1:27:50]} 11. Nd5 {[%clk 1:24:50]} h6 {[%clk 1:28:10]} 12. Bxf6
{[%clk 1:23:21]} Nxf6 {[%clk 1:28:29]} 13. Nxc7 {[%clk 1:22:48]} Rb8
{[%clk 1:28:51]} 14. Nd5 {[%clk 1:21:54]} Bb7 {[%clk 1:28:40]} 15. Bd3
{[%clk 1:21:18]} b5 {[%clk 1:26:40]} 16. Rfe1 {[%clk 1:19:22]} Nd7
{[%clk 1:22:49]} 17. Rad1 {[%clk 1:12:07]} Nc5 {[%clk 1:19:35]} 18. Bf1
{[%clk 1:11:09]} b4 {[%clk 1:20:01]} 19. Nd2 {[%clk 1:09:30]} Bf8
{[%clk 1:20:16]} 20. Nb3 {[%clk 1:09:01]} Kg7 {[%clk 1:18:16]} 21. Rd2
{[%clk 1:06:01]} Bc6 {[%clk 1:17:46]} 22. g3 {[%clk 1:05:10]} Ne6
{[%clk 1:15:30]} 23. f4 {[%clk 0:57:44]} Ba4 {[%clk 1:11:09]} 24. fxe5
{[%clk 0:55:29]} Bxb3 {[%clk 1:10:53]} 25. axb3 {[%clk 0:55:55]} Nc5
{[%clk 1:11:20]} 26. Re3 {[%clk 0:55:50]} Re8 {[%clk 1:09:48]} 27. Bg2
{[%clk 0:52:21]} Rxe5 {[%clk 1:05:10]} 28. Kf1 {[%clk 0:52:38]} Rd8
{[%clk 1:02:07]} 29. Rd1 {[%clk 0:48:10]} Ne6 {[%clk 0:49:46]} 30. Ra1
{[%clk 0:47:18]} Bc5 {[%clk 0:39:46]} 31. Rd3 {[%clk 0:47:01]} Re8
{[%clk 0:40:05]} 32. Nf4 {[%clk 0:43:24]} Bb6 {[%clk 0:34:41]} 33. Nxe6+
{[%clk 0:42:50]} R8xe6 {[%clk 0:34:56]} 34. Bf3 {[%clk 0:42:41]} f5
{[%clk 0:30:13]} 35. exf5 {[%clk 0:42:42]} Rxf5 {[%clk 0:30:40]} 36. Re1
{[%clk 0:42:21]} Rxe1+ {[%clk 0:30:55]} 37. Kxe1 {[%clk 0:42:43]} Re5+
{[%clk 0:31:12]} 38. Kd2 {[%clk 0:42:40]} h5 {[%clk 0:31:36]} 39. Rd5
{[%clk 0:42:10]} Rxd5+ {[%clk 0:31:36]} 40. Bxd5 {[%clk 1:12:06]} 1/2-1/2